| 000 | 00456 a2200169 4500 | ||
|---|---|---|---|
| 003 | OSt | ||
| 005 | 20260306134911.0 | ||
| 008 | 260306b |||||||| |||| 00| 0 eng d | ||
| 020 | _a9788126463961 | ||
| 040 | _coclc | ||
| 082 |
_a813.54 _bBRO/I |
||
| 100 |
_aBrown, Dan _95558 |
||
| 245 |
_aINFERNO / _cDAN BROWN |
||
| 260 |
_aKottayam: _bDC Books, _c2023. |
||
| 300 | _a591 PAGES | ||
| 942 |
_2ddc _cBK _h813.54 _iBRO/I _k813.54 _mBRO/I |
||
| 999 |
_c44638 _d44638 |
||